NASIHAT SEORANG PEMINTA SEDEKAH

Bibliographic Details
Main Author: Kumara Velu (Author)
Format: Book
Published: Shah Alam, Selangor : SKUAD BUKU RESOURCES 2025
Series:SIRI TELADAN PELOSOK DUNIA
Subjects:

MARC

LEADER 00000cam a2200000 7i4500
001 0000324607
005 20250723161754.0
006 aa ###g ### 000 1
007 t
008 250408s2025 my a g 000 1may d
020 |a 9789670064192 
040 |a MBPJ   |b eng   |c MBPJ   |e rda 
090 0 0 |a JF   |b KUM 
100 0 |a Kumara Velu ,   |e author 
245 1 0 |a NASIHAT SEORANG PEMINTA SEDEKAH   |c Kumara Velu 
264 1 |a Shah Alam, Selangor :   |b SKUAD BUKU RESOURCES   |c 2025 
300 |a 54 pages :   |b illustrations ;   |c 19 cm. 
336 |a still image  |2 rdacontent 
336 |a text  |2 rdacontent 
337 |a unmediated  |2 rdamedia 
338 |a volume  |2 rdacarrier 
490 1 |a SIRI TELADAN PELOSOK DUNIA 
650 0 |a Children's stories, Malay 
999 |a 00420487   |b BUKU   |c JUNIOR FICTION   |e PERPUSTAKAAN KOMUNITI PETALING JAYA 
999 |a 00421477   |b BUKU   |c JUNIOR FICTION   |e PERPUSTAKAAN KOMUNITI CAW KOTA DAMANSARA